|
|
|
|
| LEADER |
01539nam a2200409Ia 4500 |
| 001 |
EBC334220 |
| 003 |
MiAaPQ |
| 005 |
20200520144314.0 |
| 006 |
m o d | |
| 007 |
cr cn||||||||| |
| 008 |
061013s2007 mnu sb s001 0 eng d |
| 010 |
|
|
|z 2006033059
|
| 020 |
|
|
|z 0816628262 (hc : alk. paper)
|
| 020 |
|
|
|z 0816628270 (pb : alk. paper)
|
| 020 |
|
|
|z 9780816628261 (hc : alk. paper)
|
| 020 |
|
|
|z 9780816628278 (pb : alk. paper)
|
| 020 |
|
|
|z 9780816654253
|
| 035 |
|
|
|a (MiAaPQ)EBC334220
|
| 035 |
|
|
|a (Au-PeEL)EBL334220
|
| 035 |
|
|
|a (CaPaEBR)ebr10215795
|
| 035 |
|
|
|a (CaONFJC)MIL525630
|
| 035 |
|
|
|a (OCoLC)476140713
|
| 040 |
|
|
|a MiAaPQ
|c MiAaPQ
|d MiAaPQ
|
| 050 |
|
4 |
|a HB501
|b .S6364 2007
|
| 100 |
1 |
|
|a Smith, Paul,
|d 1954 Nov. 23-
|
| 245 |
1 |
0 |
|a Primitive America
|h [electronic resource] :
|b the ideology of capitalist democracy /
|c Paul Smith.
|
| 246 |
3 |
0 |
|a Ideology of capitalist democracy
|
| 260 |
|
|
|a Minneapolis :
|b University of Minnesota Press,
|c c2007.
|
| 300 |
|
|
|a xv, 135 p.
|
| 504 |
|
|
|a Includes bibliographical references (p. 127-132) and index.
|
| 533 |
|
|
|a Electronic reproduction. Ann Arbor, MI : ProQuest, 2015. Available via World Wide Web. Access may be limited to ProQuest affiliated libraries.
|
| 650 |
|
0 |
|a Capitalism
|z United States.
|
| 650 |
|
0 |
|a Democracy
|z United States.
|
| 651 |
|
0 |
|a United States
|x Civilization.
|
| 655 |
|
4 |
|a Electronic books.
|
| 710 |
2 |
|
|a ProQuest (Firm)
|
| 856 |
4 |
0 |
|u https://ebookcentral.proquest.com/lib/matrademy/detail.action?docID=334220
|z Click to View
|